Moderná obec a mesto

Z obsahu prílohy: Rozvoj mesta pod kontrolou. Treba prijímať záruky. Nevyužitá sila vodných tokov sa nikdy nevráti! Malé vodné elektrárne. Ako zatočiť s neplatičmi?

Salvato in:
Dettagli Bibliografici
Natura: Capitolo di libro
Lingua:slovacco
Soggetti:
Tags: Aggiungi Tag
Nessun Tag, puoi essere il primo ad aggiungerne!!

MARC

LEADER 00000naa a2200000 4500
001 r021234
005 20230801104640.0
041 0 |a slo 
044 |a SK 
245 1 0 |a Moderná obec a mesto 
520 |a Z obsahu prílohy: Rozvoj mesta pod kontrolou. Treba prijímať záruky. Nevyužitá sila vodných tokov sa nikdy nevráti! Malé vodné elektrárne. Ako zatočiť s neplatičmi? 
610 2 0 |a Slovensko 
610 2 0 |a obce 
610 2 0 |a mestá 
610 2 0 |a správa miestna 
610 2 0 |a správa verejná 
610 2 0 |a Ružomberok 
610 2 0 |a dlhopisy 
610 2 0 |a toky vodné 
610 2 0 |a elektrárne vodné malé